000 00375nam a2200145Ia 4500
008 150201s2002 xx 000 0 und d
082 _a617.69
_bC2002R
100 _aROSEN STEEL,SF
245 _aCONTEMPORARY FIXED PROSTHODONTICS
250 _a3RD
260 _bHARCOURT INDIA PRIVATE LIMITED
_aDELHI
_c2002
300 _a1-868
650 _aPROSTHODONTICS
942 _2ddc
_cBK
999 _c2878
_d2878